Ngữ pháp Việt Nam

Trình bày những vấn đề cơ bản về cấu trúc cú pháp của câu, nghĩa trong câu dẫn nhập việc nghiên cứu nghĩa trong câu, nghĩa không được diễn đạt bằng từ ngữ, câu ghép, cụm từ, từ loại và cấu tạo từ tiếng Việt...

全面介绍

Đã lưu trong:
书目详细资料
主要作者: Diệp, Quang Ban
格式: 图书
语言:Undetermined
出版: Hà Nội Giáo dục Việt Nam 2013
主题:
标签: 添加标签
没有标签, 成为第一个标记此记录!
Thư viện lưu trữ: Trung tâm Học liệu Trường Đại học Cần Thơ
LEADER 00930nam a2200217Ia 4500
001 CTU_188452
008 210402s9999 xx 000 0 und d
020 |c 80000 
082 |a 495.9225 
082 |b B105 
100 |a Diệp, Quang Ban 
245 0 |a Ngữ pháp Việt Nam 
245 0 |c Diệp Quang Ban 
260 |a Hà Nội 
260 |b Giáo dục Việt Nam 
260 |c 2013 
520 |a Trình bày những vấn đề cơ bản về cấu trúc cú pháp của câu, nghĩa trong câu dẫn nhập việc nghiên cứu nghĩa trong câu, nghĩa không được diễn đạt bằng từ ngữ, câu ghép, cụm từ, từ loại và cấu tạo từ tiếng Việt 
650 |a Vietnamese language,Tiếng Việt 
650 |x Grammar,Ngữ pháp 
910 |a Hải 
980 |a Trung tâm Học liệu Trường Đại học Cần Thơ